| 000 | 00700nam a2200217 a 4500 | ||
|---|---|---|---|
| 999 |
_c5456 _d5456 |
||
| 001 | 5456 | ||
| 003 | BD-JhCC | ||
| 005 | 20171214172931.0 | ||
| 008 | 171214s2014 bg a|||| || | 000 0 ben d | ||
| 035 | _a(BD-JhCC)5456 | ||
| 040 |
_aBD-JhCC _dBD-JhCC |
||
| 041 | _aben | ||
| 082 |
_a515 _bRAS 2014 |
||
| 100 | _aরশীদ, হারুনুর | ||
| 245 |
_aউচ্চতর গণিত দ্বিতীয় একাদশ-দ্বাদশ শ্রেণি / _c হারুনুর রশীদ |
||
| 260 |
_aঢাকা : _bহাসান বুক হাউস, _c2014. |
||
| 300 |
_a308 p. : _c24 cm. |
||
| 650 | _aMathematics Analysis | ||
| 942 |
_2ddc _cBK |
||